| 000 | 01115caa a22002531ib4500 | ||
|---|---|---|---|
| 003 | SA-RiAUC | ||
| 005 | 20251013080229.0 | ||
| 008 | 251010s1999 ti g bc f00000 ara c | ||
| 040 |
_aSA-JeALM _bara _cSA-RiAUC _erda |
||
| 043 | _af-ti--- | ||
| 082 | 0 | 4 | _a011.3109611 |
| 090 |
_a011.3109611 _bد ا ر |
||
| 110 | 2 |
_aدار الكتب الوطنية (تونس) _eمؤلف. |
|
| 245 | 1 | 2 |
_aالفهرس العام للمخطوطات / _cالمكتبة الوطنية، وزارة الثقافة والشباب والترفيه. |
| 300 |
_aمجلد ؛ _c24 سم |
||
| 336 |
_aنص _btxt _2rdacontent _3كتاب |
||
| 337 |
_aبدون وسيط _bn _2rdamedia |
||
| 338 |
_aمجلد _bnc _2rdacarrier |
||
| 580 | _aفي : الفهرس العام للمخطوطات. -تونس : المكتبة الوطنية، 1999. -القسم الثاني من ج. 8. | ||
| 610 | 2 | 7 |
_aدار الكتب الوطنية (تونس) _xمخطوطات _vفهارس _2aucnm |
| 650 | 7 |
_aالمخطوطات العربية _zتونس _vببليوجرافيات _2aucsh |
|
| 942 |
_2ddc _cBOOK _n0 |
||
| 949 |
_aSA-JeALM _d251010 _umohamedma123 _n1 |
||
| 999 |
_c12503 _d12503 |
||